Minimálne ubytovanie pre zodpovedný turizmus - priestorové riešenie, dizajn produktu a zážitku

Gespeichert in:
Bibliographische Detailangaben
1. Verfasser: Mikovič, Martin (Verfasst von)
Weitere Verfasser: Kotradyová, Veronika (Betreuung Doktorarbeit)
Format: Manuskript Buch
Sprache:Slowakisch
Veröffentlicht: 2025
Schlagworte:
Online-Zugang:http://is.stuba.sk/zp/portal_zp.pl?podrobnosti=168512
Tags: Tag hinzufügen
Keine Tags, Fügen Sie das erste Tag hinzu!

MARC

LEADER 00000ntm a22000003a 4500
001 stuzp104956
003 SK-STU
005 20250614213458.8
007 ta
008 150427s2015----xo-----f-mn---000-0-slo-d
040 |a STU  |b slo 
041 0 |a slo 
100 1 |a Mikovič, Martin  |u 055150  |4 aut  |U FAD Fakulta architektúry a dizajnu  |T FAD Ústav interiéru a výstavníctva  |X 111901  |U A5150  |Y 396  |7 111901 
242 0 1 |a Minimum accommodation for responsible tourism - spatial, product and user experience design  |y eng 
245 1 0 |a Minimálne ubytovanie pre zodpovedný turizmus - priestorové riešenie, dizajn produktu a zážitku 
260 |c 2025 
650 4 |a order  |2 eng 
650 4 |a sleep  |2 eng 
650 4 |a rest  |2 eng 
650 4 |a variability  |2 eng 
650 4 |a responsibility  |2 eng 
650 4 |a minimal impact  |2 eng 
650 4 |a comfort  |2 eng 
650 4 |a sustainability  |2 eng 
650 4 |a tourism  |2 eng 
650 4 |a accommodation  |2 eng 
650 4 |a oddych  |2 slo 
650 4 |a minimálne zásahy  |2 slo 
650 4 |a spánok  |2 slo 
650 4 |a variabilita  |2 slo 
650 4 |a udržateľnosť  |2 slo 
650 4 |a zodpovednosť  |2 slo 
650 4 |a turizmus  |2 slo 
650 4 |a ubytovanie  |2 slo 
650 4 |a komfort  |2 slo 
650 4 |a poriadok  |2 slo 
700 1 |a Kotradyová, Veronika  |u 055150  |k Z1  |4 ths  |U FAD Fakulta architektúry a dizajnu  |T FAD Ústav interiéru a výstavníctva  |X 344  |U A5150  |Y 396  |7 A000000344 
856 4 |u http://is.stuba.sk/zp/portal_zp.pl?podrobnosti=168512